Visualizzazione normale
Vista MARC
- Yuste, Belén
di Personal Name
Records bibliografici associati: 3
001 - CONTROL NUMBER
- control field: 6723
003 - CONTROL NUMBER IDENTIFIER
- control field: IT-RoINE
005 - DATE AND TIME OF LATEST TRANSACTION
- control field: 20140424153519.0
008 - FIXED-LENGTH DATA ELEMENTS
- fixed length control field: 140424|| aca||aabn | a|a d
040 ## - CATALOGING SOURCE
- Original cataloging agency: IT-RoINE
- Transcribing agency: IT-RoINE
100 ## - HEADING--PERSONAL NAME
- Personal name: Yuste, Belén
670 ## - SOURCE DATA FOUND
- Source citation: Work cat.: (IT-RoINE)0: Yuste, Belén, Una carmelita en Flandes :, 2008.